Cell biology : (Record no. 14265)
[ view plain ]
| 000 -LEADER | |
|---|---|
| fixed length control field | 00865nam a22002417a 4500 |
| 003 - CONTROL NUMBER IDENTIFIER | |
| control field | dpl0 |
| 005 - DATE AND TIME OF LATEST TRANSACTION | |
| control field | 20180717125206.0 |
| 008 - FIXED-LENGTH DATA ELEMENTS--GENERAL INFORMATION | |
| fixed length control field | 080708t xxu||||| |||| 00| 0 eng d |
| 010 ## - LIBRARY OF CONGRESS CONTROL NUMBER | |
| LC control number | ENG-90477 |
| 020 ## - INTERNATIONAL STANDARD BOOK NUMBER | |
| International Standard Book Number | 8131304150 |
| Terms of availability | 395.00 |
| 035 ## - SYSTEM CONTROL NUMBER | |
| System control number | EN-74010,B-223590 |
| 037 ## - SOURCE OF ACQUISITION | |
| Source of stock number/acquisition | DBAD / PUB |
| 040 ## - CATALOGING SOURCE | |
| Original cataloging agency | DPL |
| Language of cataloging | EN |
| Transcribing agency | 0 |
| 082 ## - DEWEY DECIMAL CLASSIFICATION NUMBER | |
| Classification number | 574.87 |
| 100 ## - MAIN ENTRY--PERSONAL NAME | |
| Personal name | Patil, C. S. |
| 245 ## - TITLE STATEMENT | |
| Title | Cell biology : |
| Statement of responsibility, etc | by C.S. Patil, Prabhu M. Biradar [and] Ajit K. Gangawane |
| Remainder of title | [useful for students of undergraduates and post graduates in life sciences of all the universities of India] |
| 260 ## - PUBLICATION, DISTRIBUTION, ETC. (IMPRINT) | |
| Place of publication, distribution, etc | New Delhi |
| Name of publisher, distributor, etc | APH Publishing Corporation |
| Date of publication, distribution, etc | 2008 |
| 270 ## - ADDRESS | |
| Address | 4435-36/7, Ansari Raod, Darya Ganj, |
| City | New Delhi |
| Postal code | 110002 |
| 300 ## - PHYSICAL DESCRIPTION | |
| Extent | xvi, 184p.: |
| Other physical details | ill |
| Dimensions | 23 cm (Hb) |
| 700 ## - ADDED ENTRY--PERSONAL NAME | |
| Personal name | Prabhu M. Biradar |
| 700 ## - ADDED ENTRY--PERSONAL NAME | |
| Personal name | Gangawane, Ajit K. |
| 942 ## - ADDED ENTRY ELEMENTS (KOHA) | |
| Source of classification or shelving scheme | Dewey Decimal Classification |
| Koha item type | English Books |
| Classification part | 574.87 |
| Call number suffix | PAT |
| Withdrawn status | Lost status | Damaged status | Not for loan | Collection code | Home library | Current library | Date acquired | Source of acquisition | Cost, normal purchase price | Total Checkouts | Full call number | Barcode | Date last seen | Copy number | Cost, replacement price | Price effective from | Koha item type | Source of classification or shelving scheme |
|---|---|---|---|---|---|---|---|---|---|---|---|---|---|---|---|---|---|---|
| Not For Loan | Non-fiction | D.B.Act.Division | D.B.Act.Division | 08/07/2008 | DBAD / PUB | 395.00 | 574.87 PAT | EN-74010 | 15/09/2008 | 1 | 395.00 | 15/09/2008 | English Books | |||||
| Non-fiction | Tri Nagar | Tri Nagar | 17/07/2018 | BPPD/pub | 185.00 | 574.87 PAT | B-223590 | 17/07/2018 | 1 | 185.00 | 17/07/2018 | English Books | Dewey Decimal Classification |
